Central Library OPAC University of Rajshahi

একাধিক উপাস্য কি সত্য না সের্ফ এক উপাস্য? / (Record no. 57166)

MARC details
000 -LEADER
fixed length control field 00918nam a2200217 a 4500
001 - CONTROL NUMBER
control field 57166
003 - CONTROL NUMBER IDENTIFIER
rucl marc code BD-RjUL
005 - DATE AND TIME OF LATEST TRANSACTION
control field 20211209080456.0
008 - FIXED-LENGTH DATA ELEMENTS--GENERAL INFORMATION
fixed length control field 161206s2011 bg ||||| |||| 00| 0 ben d
035 ## - SYSTEM CONTROL NUMBER
System control number (BD-RjUL)57290
040 ## - CATALOGING SOURCE
Original cataloging agency BD-RjUL
Language of cataloging ben
Transcribing agency BD-RjUL
Modifying agency BD-RjUL
041 ## - LANGUAGE CODE
Language code of text/sound track or separate title ben
082 ## - DEWEY DECIMAL CLASSIFICATION NUMBER
Edition number 23
Classification number 297
Author mark and year KUE 2011
100 ## - MAIN ENTRY--PERSONAL NAME
Personal name কুদ্দুস, আবু কাব আনীসুর রহমান বিন আব্দুল
9 (RLIN) 124832
245 10 - TITLE STATEMENT
Title একাধিক উপাস্য কি সত্য না সের্ফ এক উপাস্য? /
Statement of responsibility, etc. আবু কাব আনীসুর রহমান বিন আব্দুল কুদ্দুস
260 ## - PUBLICATION, DISTRIBUTION, ETC. (IMPRINT)
Place of publication, distribution, etc. ঢাকা :
Name of publisher, distributor, etc. জায়েদ লাইব্রেরী,
Date of publication, distribution, etc. ২০১১
300 ## - PHYSICAL DESCRIPTION
Pagination ১১২ পৃ. ;
Size ২৩ সেমি.
650 ## - SUBJECT ADDED ENTRY--TOPICAL TERM
Topical term or geographic name as entry element ইসলাম
9 (RLIN) 124833
Topical term or geographic name as entry element Islam
9 (RLIN) 124834
942 ## - ADDED ENTRY ELEMENTS (KOHA)
Source of classification or shelving scheme Dewey Decimal Classification
Koha item type Books
Holdings
Lost status Source of classification or shelving scheme Damaged status Not for loan Collection code Permanent Location Current Location Shelving location Date acquired Source of acquisition Cost, normal purchase price Total Checkouts Full call number Date last seen Copy number Koha item type
  Dewey Decimal Classification   Not For Loan Non-fiction Central Library, University of Rajshahi Central Library, University of Rajshahi Reading Room 19/09/2012 Author, gift 70.00   B 297 KUE 2011 06/12/2016 C-1 Books